<?xml version="1.0" encoding="UTF-8"?>
<record
    xmlns:xsi="http://www.w3.org/2001/XMLSchema-instance"
    xsi:schemaLocation="http://www.loc.gov/MARC21/slim http://www.loc.gov/standards/marcxml/schema/MARC21slim.xsd"
    xmlns="http://www.loc.gov/MARC21/slim">

  <leader>01438nam a22002297a 4500</leader>
  <controlfield tag="005">20240513151750.0</controlfield>
  <controlfield tag="008">210925b           ||||| |||| 00| 0 eng d</controlfield>
  <datafield tag="020" ind1=" " ind2=" ">
    <subfield code="a">1850658269</subfield>
  </datafield>
  <datafield tag="040" ind1=" " ind2=" ">
    <subfield code="c">AL</subfield>
  </datafield>
  <datafield tag="041" ind1=" " ind2=" ">
    <subfield code="a">eng</subfield>
  </datafield>
  <datafield tag="082" ind1=" " ind2=" ">
    <subfield code="2">23</subfield>
    <subfield code="a">623.45 </subfield>
    <subfield code="b">CORS</subfield>
  </datafield>
  <datafield tag="100" ind1=" " ind2=" ">
    <subfield code="a">Gordon Corera</subfield>
    <subfield code="9">326</subfield>
  </datafield>
  <datafield tag="245" ind1=" " ind2=" ">
    <subfield code="a">Shopping for Bombs</subfield>
    <subfield code="b">Nuclear Proliferation, Global Insecurity and the Rise and Fall of the AQ Khan Network</subfield>
  </datafield>
  <datafield tag="260" ind1=" " ind2=" ">
    <subfield code="a">New Delhi</subfield>
    <subfield code="b">Foundation Books</subfield>
    <subfield code="c">2006</subfield>
  </datafield>
  <datafield tag="300" ind1=" " ind2=" ">
    <subfield code="a">xvii,288 p.</subfield>
    <subfield code="b">HB</subfield>
    <subfield code="c">24x16 cm.</subfield>
  </datafield>
  <datafield tag="365" ind1=" " ind2=" ">
    <subfield code="f">2013/03/24</subfield>
  </datafield>
  <datafield tag="520" ind1=" " ind2=" ">
    <subfield code="a">The first comprehensive assessment of the career of AQ Khan, a man described as "at least as dangerous as Osama Bin Laden." Contains exclusive interviews and newsworthy material. Reveals new information US and UK participation in breaking the ring and how President Musharraf was persuaded to act against a national hero
The first account of how Iran was provided critical assistance in its nuclear weapons program
Inside story on the high-wire dealings with Gadaffi and Libya leading to their renunciation of nuclear weapons
Offers key insights on the United States' relationship with Pakistan, a significant collaborator in the ongoing "War on Terror" in Afghanistan</subfield>
    <subfield code="u">https://global.oup.com/academic/product/shopping-for-bombs-9780195375237?cc=us&amp;lang=en&amp;</subfield>
  </datafield>
  <datafield tag="650" ind1=" " ind2=" ">
    <subfield code="2">Security, International</subfield>
  </datafield>
  <datafield tag="650" ind1=" " ind2=" ">
    <subfield code="2">Nuclear Weapons Information</subfield>
  </datafield>
  <datafield tag="700" ind1=" " ind2=" ">
    <subfield code="a">CORERA (Gordon)</subfield>
    <subfield code="9">327</subfield>
  </datafield>
  <datafield tag="942" ind1=" " ind2=" ">
    <subfield code="2">ddc</subfield>
    <subfield code="c">GF</subfield>
  </datafield>
  <datafield tag="999" ind1=" " ind2=" ">
    <subfield code="c">216381</subfield>
    <subfield code="d">216381</subfield>
  </datafield>
  <datafield tag="952" ind1=" " ind2=" ">
    <subfield code="0">0</subfield>
    <subfield code="1">0</subfield>
    <subfield code="2">ddc</subfield>
    <subfield code="4">0</subfield>
    <subfield code="7">0</subfield>
    <subfield code="8">OTH</subfield>
    <subfield code="a">AL</subfield>
    <subfield code="b">AL</subfield>
    <subfield code="d">2013-03-24</subfield>
    <subfield code="l">0</subfield>
    <subfield code="o">623.45 CORS</subfield>
    <subfield code="p">GF01578</subfield>
    <subfield code="r">2021-09-25 00:00:00</subfield>
    <subfield code="v">2013.00</subfield>
    <subfield code="w">2021-09-25</subfield>
    <subfield code="y">GF</subfield>
  </datafield>
</record>
